[Event "European Rapid 2022"]
[Site "Katowice POL"]
[Date "2022.12.17"]
[Round "6.99"]
[White "Kruckenhauser, Arthur"]
[Black "Putlak, Wojciech"]
[Result "1-0"]
[WhiteTitle "FM"]
[WhiteElo "2339"]
[BlackElo "1992"]
[WhiteFideId "1642812"]
[BlackFideId "1183303"]
[EventDate "2022.12.17"]

1. e4 e6 2. d4 d5 3. Nd2 dxe4 4. Nxe4 Nd7 5. g3 Ngf6 6. Nxf6+ Nxf6 7. Bg2 Be7 8.
Nf3 O-O 9. O-O c5 10. Qe2 cxd4 11. Rd1 Qb6 12. Nxd4 Rd8 13. c3 Bd7 14. Be3 Qc7
15. Nb5 Bxb5 16. Qxb5 Rxd1+ 17. Rxd1 Rd8 18. Rxd8+ Qxd8 19. Qxb7 a5 20. Bb6 Qd1+
21. Bf1 Bf8 22. Qa8 Qd2 23. Bc5 Nd7 24. Bxf8 Nxf8 25. Qxa5 Qxb2 26. a4 g6 27.
Qb4 Qa2 28. a5 Nd7 29. a6 Qd5 30. a7 Ne5 31. Qb8+ Kg7 32. a8=Q Nf3+ 33. Kh1 Qh5
34. Qh8+ Kh6 35. Qaf8+ Kg5 36. Qe7+ 1-0

[Event "European Rapid 2022"]
[Site "Katowice POL"]
[Date "2022.12.17"]
[Round "6.100"]
[White "Gajdzica, Maciej"]
[Black "Malesevic, Nedeljko"]
[Result "0-1"]
[BlackTitle "FM"]
[WhiteElo "1872"]
[BlackElo "2226"]
[WhiteFideId "1126504"]
[BlackFideId "1703447"]
[EventDate "2022.12.17"]

1. d4 d5 2. c4 e6 3. Nc3 Nf6 4. cxd5 exd5 5. Bg5 c6 6. e3 Be7 7. Bd3 Nbd7 8. Nf3
O-O 9. O-O Re8 10. Qc2 h6 11. Bh4 Ne4 12. Bxe7 Qxe7 13. Bxe4 dxe4 14. Nd2 Nf6
15. Rae1 Bf5 16. f3 Rad8 17. Qa4 a6 18. fxe4 Nxe4 19. Ndxe4 Bxe4 20. Rf4 Bg6 21.
e4 c5 22. e5 cxd4 23. Rxd4 Qc5 24. Rd1 Bc2 0-1

[Event "European Rapid 2022"]
[Site "Katowice POL"]
[Date "2022.12.18"]
[Round "7.1"]
[White "Fridman, Daniel"]
[Black "Navara, David"]
[Result "1/2-1/2"]
[WhiteTitle "GM"]
[BlackTitle "GM"]
[WhiteElo "2602"]
[BlackElo "2684"]
[WhiteFideId "11600454"]
[BlackFideId "309095"]
[EventDate "2022.12.17"]

1. Nf3 d5 2. g3 g6 3. Bg2 Bg7 4. d4 Nf6 5. O-O O-O 6. c4 c6 7. cxd5 cxd5 8. Nc3
Ne4 9. Nxe4 dxe4 10. Ng5 Qxd4 11. Qxd4 Bxd4 12. Nxe4 Nc6 13. Rb1 Bf5 14. b3 Rfd8
15. e3 1/2-1/2

[Event "European Rapid 2022"]
[Site "Katowice POL"]
[Date "2022.12.18"]
[Round "7.2"]
[White "Gavrilescu, David"]
[Black "Grandelius, Nils"]
[Result "1/2-1/2"]
[WhiteTitle "IM"]
[BlackTitle "GM"]
[WhiteElo "2522"]
[BlackElo "2660"]
[WhiteFideId "1227190"]
[BlackFideId "1710400"]
[EventDate "2022.12.17"]

1. e4 c5 2. Nf3 d6 3. d4 cxd4 4. Nxd4 Nf6 5. Nc3 a6 6. Be3 e5 7. Nf3 Be7 8. Bc4
Be6 9. Bxe6 fxe6 10. Ng5 Qd7 11. Qf3 Nc6 12. O-O-O h6 13. Qh3 Nd8 14. Bb6 O-O
15. Bxd8 hxg5 16. Bxe7 Qxe7 17. Rd2 b5 18. Qe3 Rac8 19. Rhd1 Rc6 20. Kb1 g4 21.
Ne2 b4 22. f3 a5 23. f4 a4 24. fxe5 dxe5 25. Nc1 Rc4 26. Qg5 Qc7 27. Qg6 a3 28.
Rf1 Rc8 29. Rff2 axb2 30. Nb3 Rxe4 31. Rd1 Rf4 32. Rfd2 Rf8 33. h3 e4 34. Nd4
Qf7 35. Qxf7+ Kxf7 36. g3 e3 37. gxf4 exd2 38. hxg4 Nxg4 39. Rxd2 Ne3 40. Nxe6
Nc4 41. Ng5+ Kg6 42. Rd4 Rc8 43. Ne4 Rc6 44. f5+ Kh5 45. f6 gxf6 46. Nxf6+ Kg5
47. Nd5 Na3+ 48. Kxb2 Nxc2 49. Rd1 Na3 50. Nxb4 Nc4+ 51. Kb3 Rc8 52. Rd5+ Kf6
53. a4 Ke6 54. a5 Nxa5+ 55. Rxa5 Rc1 56. Nc2 Kd6 57. Kc3 Rh1 58. Kc4 Rc1 59. Kd3
Rh1 60. Rg5 Ke6 61. Nd4+ Kd6 62. Ke4 Rh4+ 63. Kd3 Rh1 64. Kc4 Rc1+ 65. Kd3 1/2-1/2

[Event "European Rapid 2022"]
[Site "Katowice POL"]
[Date "2022.12.18"]
[Round "7.3"]
[White "Drozdowski, Kacper"]
[Black "Adams, Michael"]
[Result "1/2-1/2"]
[WhiteTitle "IM"]
[BlackTitle "GM"]
[WhiteElo "2448"]
[BlackElo "2688"]
[WhiteFideId "1136720"]
[BlackFideId "400041"]
[EventDate "2022.12.17"]

1. e4 e5 2. Nf3 Nc6 3. Bc4 Bc5 4. c3 Nf6 5. d3 d6 6. Bb3 a5 7. Nbd2 O-O 8. h3
Be6 9. Bc2 d5 10. O-O h6 11. exd5 Bxd5 12. Re1 Re8 13. Ne4 Bf8 14. Be3 b5 15. a4
b4 16. Bb3 Bxb3 17. Nxf6+ Qxf6 18. Qxb3 Rab8 19. Qc4 Qe6 20. Qxe6 Rxe6 21. d4
exd4 22. Nxd4 Nxd4 23. Bxd4 bxc3 24. Bxc3 Rxe1+ 25. Rxe1 Bb4 26. Bxb4 Rxb4 27.
Re8+ Kh7 28. Re7 c5 29. Rxf7 Rxa4 30. Rc7 c4 31. Rc5 Kg6 32. Kf1 Kf6 33. Ke2 Ra2
34. Ke3 Rxb2 35. Rxa5 1/2-1/2

[Event "European Rapid 2022"]
[Site "Katowice POL"]
[Date "2022.12.18"]
[Round "7.4"]
[White "Seo, Jung Min"]
[Black "Lagarde, Maxime"]
[Result "1/2-1/2"]
[WhiteTitle "IM"]
[BlackTitle "GM"]
[WhiteElo "2502"]
[BlackElo "2584"]
[WhiteFideId "1734687"]
[BlackFideId "662399"]
[EventDate "2022.12.17"]

1. e4 c5 2. Nf3 d6 3. d4 cxd4 4. Nxd4 Nf6 5. Nc3 g6 6. Be3 Bg7 7. f3 O-O 8. Qd2
Nc6 9. O-O-O d5 10. exd5 Nxd5 11. Nxc6 bxc6 12. Bd4 e5 13. Bc5 Be6 14. Ne4 Re8
15. Bc4 a5 16. h4 h5 17. Kb1 a4 18. a3 Qa5 19. Qxa5 Rxa5 20. Bb4 Ra7 21. Bc5 Ra5
22. Bb4 Ra7 23. Bc5 1/2-1/2

[Event "European Rapid 2022"]
[Site "Katowice POL"]
[Date "2022.12.18"]
[Round "7.5"]
[White "Santos Latasa, Jaime"]
[Black "Kazakouski, Valery"]
[Result "1-0"]
[WhiteTitle "GM"]
[BlackTitle "GM"]
[WhiteElo "2668"]
[BlackElo "2539"]
[WhiteFideId "2293307"]
[BlackFideId "13507443"]
[EventDate "2022.12.17"]

1. e4 e5 2. Nf3 Nc6 3. Bc4 Nf6 4. d3 Bc5 5. O-O a6 6. c3 Ba7 7. a4 d6 8. Re1 h6
9. Nbd2 O-O 10. h3 Ne7 11. Bb3 Ng6 12. d4 Re8 13. Bc2 Nh5 14. Nf1 Nhf4 15. Be3
Qf6 16. Kh1 Be6 17. N1h2 h5 18. h4 c5 19. d5 Bg4 20. g3 Nh3 21. Rf1 c4 22. Bxa7
Rxa7 23. Qe2 Bd7 24. Nd2 Nxh4 25. gxh4 Qxh4 26. Nxc4 Qe7 27. Qe3 Raa8 28. Nb6
Rad8 29. a5 Rf8 30. c4 Nf4 31. b4 g5 32. c5 Bb5 33. Rg1 Kh7 34. Ba4 Be2 35. Bd1
Bb5 36. Rc1 Kh6 37. c6 Qc7 38. Nd7 Rxd7 39. cxd7 Qxd7 40. Bf3 Rg8 41. Rc2 g4 42.
Be2 Ba4 43. Rc3 Rg5 44. Qd2 f5 45. Bd3 Nxd3 46. Qxd3 f4 47. Qc4 Qh7 48. f3 g3
49. Qc8 Qe7 50. Rc7 Qf6 51. Qe6 Qxe6 52. dxe6 Bc6 53. e7 Rg8 54. Rd1 Re8 55.
Rxd6+ Kg7 56. Rd8 Kf7 57. Rxe8 Kxe8 58. Kg2 Bd7 59. Rxb7 1-0

[Event "European Rapid 2022"]
[Site "Katowice POL"]
[Date "2022.12.18"]
[Round "7.6"]
[White "Subelj, Jan"]
[Black "Sargsyan, Shant"]
[Result "1/2-1/2"]
[WhiteTitle "IM"]
[BlackTitle "GM"]
[WhiteElo "2492"]
[BlackElo "2645"]
[WhiteFideId "14618583"]
[BlackFideId "13306766"]
[EventDate "2022.12.17"]

1. e4 e5 2. Nf3 Nc6 3. Bb5 g6 4. d4 exd4 5. Bg5 Be7 6. Bxe7 Qxe7 7. Bxc6 dxc6 8.
Qxd4 Nf6 9. O-O O-O 10. Nbd2 c5 11. Qe3 Re8 12. Rfe1 Ng4 13. Qf4 Ne5 14. Nxe5
Qxe5 15. Qxe5 Rxe5 16. Rad1 b6 17. f4 Re8 18. Kf2 Bg4 19. Nf3 a5 20. a3 a4 21.
h3 Be6 22. Ng5 Bc8 23. e5 Bf5 24. g4 Bxc2 25. Rd7 Bb3 26. Rxc7 Rac8 27. Ra7 Ra8
28. Rc7 Rac8 29. Ra7 1/2-1/2

[Event "European Rapid 2022"]
[Site "Katowice POL"]
[Date "2022.12.18"]
[Round "7.7"]
[White "Bazakutsa, Svyatoslav"]
[Black "Yuffa, Daniil"]
[Result "0-1"]
[BlackTitle "GM"]
[WhiteElo "2318"]
[BlackElo "2587"]
[WhiteFideId "14198525"]
[BlackFideId "24131423"]
[EventDate "2022.12.17"]

1. c4 Nf6 2. Nc3 e5 3. Nf3 Nc6 4. e4 Bb4 5. d3 d6 6. a3 Bc5 7. b4 Bb6 8. Na4 Bd4
9. Rb1 Bg4 10. Be2 Bxf3 11. Bxf3 a6 12. Bd2 Ba7 13. Nc3 Nd4 14. g3 h5 15. Bg5
Ne6 16. Be3 h4 17. Ne2 hxg3 18. hxg3 Rxh1+ 19. Bxh1 Bxe3 20. fxe3 Ng4 21. Kd2
Qg5 22. Qg1 a5 23. b5 Ke7 24. Bf3 Rh8 25. Bxg4 Qxg4 26. Qg2 Ng5 27. Rh1 Qf3 28.
Rg1 c6 29. Nc3 Rh6 30. Qe2 Qxe2+ 31. Kxe2 Rh2+ 32. Kd1 Nh3 33. Re1 Nf2+ 34. Kc2
Nxe4+ 35. Re2 Rxe2+ 36. Nxe2 Nf2 37. bxc6 bxc6 38. d4 f5 39. Kb3 Nd1 40. dxe5
dxe5 41. e4 fxe4 42. c5 Ke6 43. Ka4 Kd5 44. Kxa5 Kxc5 45. Ka6 Nb2 46. Nc3 e3 47.
Kb7 Kd4 48. Ne2+ Kd3 49. Ng1 e2 50. Nf3 e4 51. Ne1+ Kd2 52. Ng2 e1=Q 53. Nxe1
Kxe1 54. Kxc6 e3 55. Kd5 Kd2 0-1

[Event "European Rapid 2022"]
[Site "Katowice POL"]
[Date "2022.12.18"]
[Round "7.8"]
[White "Laurusas, Tomas"]
[Black "Stefansson, Hannes"]
[Result "1-0"]
[WhiteTitle "GM"]
[BlackTitle "GM"]
[WhiteElo "2567"]
[BlackElo "2526"]
[WhiteFideId "12803731"]
[BlackFideId "2300087"]
[EventDate "2022.12.17"]

1. d4 Nf6 2. Nf3 e6 3. Bg5 h6 4. Bh4 b6 5. e3 Bb7 6. Be2 Be7 7. O-O Ne4 8. Bxe7
Qxe7 9. Nbd2 O-O 10. Nxe4 Bxe4 11. c4 c5 12. Qd2 Nc6 13. Rfd1 Rfd8 14. Qc3 cxd4
15. Nxd4 Rac8 16. Nxc6 Bxc6 17. Rac1 Bb7 18. Qb3 d5 19. cxd5 Bxd5 20. Qa4 Ba8
21. Rxc8 Rxc8 22. h3 Bc6 23. Qa6 Rc7 24. Bf1 Bd5 25. Qa4 f5 26. a3 Qc5 27. Qe8+
Kh7 28. Bd3 Bb3 29. Re1 Qd5 30. Be2 Qd7 31. Qxd7 Rxd7 32. Ba6 Rd2 33. Re2 Rd1+
34. Kh2 g5 35. Kg3 Kg6 36. f4 Kf6 37. h4 gxh4+ 38. Kxh4 Bd5 39. Kg3 h5 40. Kf2
h4 41. Bb5 Ke7 42. Ba4 Rh1 43. Rd2 Bc4 44. Rd1 Rxd1 45. Bxd1 Kf6 46. Kg1 e5 47.
Kh2 exf4 48. exf4 Bd5 49. Kh3 Kg6 50. Bc2 b5 51. Bd3 Bc6 52. b4 a6 53. Bf1 Kh5
54. Bd3 Kg6 55. Bc2 Bd5 56. Bb1 Kf6 57. Bc2 Kg6 58. Bd3 Kf6 59. Be2 Kg6 60. Kxh4
Bxg2 61. Kg3 Be4 62. Kf2 Kf6 63. Ke3 Ke6 64. Kd4 Kd6 65. Bh5 Bc6 66. Bd1 Bb7 67.
Bc2 Bc8 68. Bd1 Bb7 69. Bc2 Bc8 70. a4 bxa4 71. Bxa4 Bb7 72. Bc2 Bc8 73. Bd3 Bd7
74. Bxa6 Be6 75. Bc4 Bd7 76. b5 Be8 77. b6 Ba4 78. Bd5 Bb5 79. Bb7 Bf1 80. Bc8
Kc6 81. b7 Kc7 82. Ke5 Bg2 83. Kxf5 1-0

[Event "European Rapid 2022"]
[Site "Katowice POL"]
[Date "2022.12.18"]
[Round "7.9"]
[White "Svane, Rasmus"]
[Black "Petursson, Margeir"]
[Result "1/2-1/2"]
[WhiteTitle "GM"]
[BlackTitle "GM"]
[WhiteElo "2622"]
[BlackElo "2437"]
[WhiteFideId "4657101"]
[BlackFideId "2300028"]
[EventDate "2022.12.17"]

1. Nf3 c5 2. c4 g6 3. d4 cxd4 4. Nxd4 Nc6 5. e4 Nf6 6. Nc3 Nxd4 7. Qxd4 d6 8.
Be3 Bg7 9. Be2 O-O 10. Qd2 a5 11. f3 a4 12. Kf2 Be6 13. b3 axb3 14. axb3 Nd7 15.
Rxa8 Qxa8 16. Rb1 Rc8 17. Nb5 Nc5 18. Nd4 Bd7 19. b4 Ne6 20. Nb3 Qa3 21. c5 Ba4
22. Bc4 dxc5 23. Bxe6 fxe6 24. Nxc5 b6 25. Nxa4 Qxa4 26. Kg3 Qb5 27. h4 Kf7 28.
Rd1 Bc3 29. Qd7 Qxd7 30. Rxd7 Bxb4 31. Bxb6 Bd6+ 32. Kh3 Rc1 33. g3 Rc3 34. Kg2
Rc2+ 35. Kh3 Rc3 36. Kg2 Rc2+ 37. Kh3 1/2-1/2

[Event "European Rapid 2022"]
[Site "Katowice POL"]
[Date "2022.12.18"]
[Round "7.10"]
[White "Hovhannisyan, Robert"]
[Black "Morgunov, Marc"]
[Result "1-0"]
[WhiteTitle "GM"]
[BlackTitle "FM"]
[WhiteElo "2597"]
[BlackElo "2402"]
[WhiteFideId "13302507"]
[BlackFideId "1640305"]
[EventDate "2022.12.17"]

1. e4 c5 2. c3 Nf6 3. e5 Nd5 4. Nf3 Nc6 5. Bc4 Nb6 6. Bb3 d5 7. exd6 Qxd6 8. O-O
Be6 9. Bxe6 Qxe6 10. a4 Rd8 11. a5 Nd5 12. d4 cxd4 13. Nxd4 Qd7 14. a6 b6 15.
Nb5 e6 16. Qg4 Ne5 17. Qa4 Nd3 18. b4 Nxc1 19. Rxc1 Nf4 20. Ra2 Ke7 21. g3 Nh3+
22. Kg2 Ng5 23. Nd4 Qd5+ 24. f3 b5 25. Qa5 e5 26. Re2 Kf6 27. h4 exd4 28. hxg5+
Kg6 29. cxd4 Bd6 30. Re4 Rc8 31. Nc3 Qc4 32. Ne2 Qxb4 33. Nf4+ Kxg5 34. Re5+ f5
35. Qxb4 Bxb4 36. Rxc8 Rxc8 37. Rxb5 Bd6 38. Nd5 Rc6 39. Rb7 Rxa6 40. Rxg7+ Kh6
41. Rd7 Kg6 42. Kh3 h6 43. Ne3 Rc6 44. d5 Ra6 45. Nc4 Bc5 46. Ne5+ Kf6 47. f4
Be7 48. Nc6 Bc5 49. Rh7 Kg6 50. Rc7 Bd6 51. Ne5+ Bxe5 52. fxe5 Ra5 53. Rd7 Ra2
54. e6 Re2 55. e7 Kf7 56. d6 Re6 1-0

[Event "European Rapid 2022"]
[Site "Katowice POL"]
[Date "2022.12.18"]
[Round "7.11"]
[White "Kozak, Antoni"]
[Black "Ziska, Helgi Dam"]
[Result "0-1"]
[BlackTitle "GM"]
[WhiteElo "2422"]
[BlackElo "2546"]
[WhiteFideId "21832030"]
[BlackFideId "7200595"]
[EventDate "2022.12.17"]

1. Nf3 Nf6 2. c4 g6 3. Nc3 Bg7 4. e4 d6 5. d4 O-O 6. h3 e5 7. d5 a5 8. g4 Na6 9.
Be3 Nd7 10. a3 Nb6 11. Rg1 Bd7 12. h4 Nc5 13. a4 Kh8 14. h5 gxh5 15. gxh5 f5 16.
h6 Bf6 17. Qc2 Qe8 18. b3 c6 19. Bxc5 dxc5 20. d6 Qh5 21. Be2 Qxh6 22. Qd2 Qxd2+
23. Nxd2 f4 24. Nf3 Rad8 25. O-O-O Be6 26. Ng5 Bg8 27. Bh5 Nc8 28. d7 Nb6 29.
Be8 h6 30. Nf3 Bf7 31. Rd6 Bxe8 32. dxe8=Q Rdxe8 33. Rg6 Bg7 34. Nh4 Nc8 35. Rd7
Re7 36. Rd1 Kh7 37. Rdg1 Rf6 38. R6g2 Ref7 39. Nf5 Bf8 40. Rd1 Nd6 41. f3 Nxf5
42. exf5 Rxf5 43. Ne4 Rg7 44. Rh2 Be7 45. Rd7 Bg5 46. Rd6 Rg6 47. Rd7+ Rg7 48.
Rd6 Kg8 49. Kc2 Rff7 50. Nxc5 h5 51. Ne4 Be7 52. Rd7 h4 53. Rxb7 Rg3 54. Rc7
Rxf3 55. Rxc6 Re3 56. Nf2 Re2+ 57. Kd3 f3 58. Ng4 e4+ 59. Kd4 Bg5 60. Re6 e3 61.
Kd3 Rd2+ 62. Rxd2 Rd7+ 63. Kc2 Rxd2+ 64. Kc3 e2 65. Nh6+ Bxh6 0-1

[Event "European Rapid 2022"]
[Site "Katowice POL"]
[Date "2022.12.18"]
[Round "7.12"]
[White "Mastrovasilis, Dimitrios"]
[Black "Baum, Jonasz"]
[Result "1-0"]
[WhiteTitle "GM"]
[BlackTitle "IM"]
[WhiteElo "2605"]
[BlackElo "2420"]
[WhiteFideId "4202694"]
[BlackFideId "1195360"]
[EventDate "2022.12.17"]

1. e4 e6 2. d4 d5 3. Nc3 Bb4 4. Ne2 dxe4 5. a3 Bxc3+ 6. Nxc3 Nc6 7. d5 exd5 8.
Qxd5 Be6 9. Qxd8+ Rxd8 10. Bf4 Rd7 11. Nxe4 Bf5 12. Nc5 Re7+ 13. Be3 Nf6 14.
O-O-O Bc8 15. Bb5 O-O 16. Bxc6 bxc6 17. Nd3 Rfe8 18. Bxa7 Nd5 19. Rhe1 f6 20.
Rxe7 Rxe7 21. Bc5 Re4 22. Re1 Rxe1+ 23. Nxe1 Kf7 24. Kd2 Ke6 25. Nd3 Kf5 26. a4
g5 27. g3 Ke4 28. a5 f5 29. c4 Nf6 30. Ke2 f4 31. f3+ Kf5 32. g4+ Ke6 33. Bd4
Nd7 34. b3 Bb7 35. Bf2 Kd6 36. h4 h6 37. h5 Nf8 38. Bc5+ 1-0

[Event "European Rapid 2022"]
[Site "Katowice POL"]
[Date "2022.12.18"]
[Round "7.13"]
[White "Azarov, Sergei"]
[Black "Mitusov, Semen"]
[Result "1-0"]
[WhiteTitle "GM"]
[BlackTitle "IM"]
[WhiteElo "2562"]
[BlackElo "2397"]
[WhiteFideId "13501470"]
[BlackFideId "14151049"]
[EventDate "2022.12.17"]

1. e4 e5 2. Nf3 Nc6 3. d4 exd4 4. Bc4 Nf6 5. e5 d5 6. Bb5 Ne4 7. Nxd4 Bd7 8.
Bxc6 bxc6 9. O-O Bc5 10. f3 Ng5 11. f4 Ne4 12. Be3 Bb6 13. Nd2 c5 14. N4f3 Nxd2
15. Qxd2 d4 16. Bf2 Bc6 17. Bh4 Qd7 18. Rad1 O-O 19. f5 Qxf5 20. Nxd4 Qe4 21.
Nxc6 c4+ 22. Kh1 Qxc6 23. Qd7 Qe6 24. Be7 Rfe8 25. Qxe6 fxe6 26. Rd7 a5 27. Rf4
c3 28. b3 c6 29. Bd6 Ra7 30. Rxa7 Bxa7 31. Rc4 Rc8 32. Rxc3 Kf7 33. a4 Kg6 34.
Rg3+ Kf7 35. Rf3+ Kg6 36. g3 h5 37. Kg2 Bd4 38. c3 Bb6 39. Rf8 Rxf8 40. Bxf8 Bc7
41. Bd6 Bb6 42. Kf3 Kf7 43. b4 Ke8 44. Kf4 Kf7 45. Ke4 Ke8 46. h3 g6 47. g4 hxg4
48. hxg4 Bd8 49. b5 Kd7 50. c4 Bh4 51. Bc5 Kc7 52. Be3 Be7 53. c5 Kb7 54. Kd3
Bd8 55. Kc4 Bh4 56. Bh6 Be7 57. Bg7 Bh4 58. Bf6 Bg3 59. Bd8 Be1 60. Bg5 Bb4 61.
Be3 Be1 62. Kd3 Bb4 63. Bd4 Be1 64. Bc3 Bf2 65. Kc4 Bg3 66. Bxa5 Bxe5 67. Bb6
Bf4 68. a5 1-0

[Event "European Rapid 2022"]
[Site "Katowice POL"]
[Date "2022.12.18"]
[Round "7.14"]
[White "Psyk, Radoslaw"]
[Black "Pultinevicius, Paulius"]
[Result "0-1"]
[BlackTitle "GM"]
[WhiteElo "2438"]
[BlackElo "2561"]
[WhiteFideId "1182838"]
[BlackFideId "12809390"]
[EventDate "2022.12.17"]

1. e4 c6 2. Nf3 d5 3. d3 Qc7 4. exd5 cxd5 5. c4 Nf6 6. Nc3 e6 7. a3 dxc4 8. dxc4
a6 9. g3 Bd6 10. Bg2 b6 11. O-O Bb7 12. Qe2 O-O 13. Be3 Nbd7 14. Rfd1 Rfd8 15.
Rac1 Rac8 16. b4 Qb8 17. Na4 Be7 18. Bf4 Qa8 19. Bd6 Bxd6 20. Rxd6 b5 21. Nb2
bxc4 22. Rxc4 Nd5 23. Ng5 N7f6 24. Rxd8+ Rxd8 25. Nd3 h6 26. Nxe6 Re8 27. Bh3
Bc8 28. Ndc5 fxe6 29. Qe5 Qc6 30. Rd4 a5 31. Bf1 axb4 32. axb4 Qb6 33. h4 Kh8
34. Bd3 Nxb4 35. Na4 Nxd3 0-1

[Event "European Rapid 2022"]
[Site "Katowice POL"]
[Date "2022.12.18"]
[Round "7.15"]
[White "Saric, Ante"]
[Black "Novotny, Michal"]
[Result "1-0"]
[WhiteTitle "GM"]
[BlackTitle "FM"]
[WhiteElo "2504"]
[BlackElo "2250"]
[WhiteFideId "14506254"]
[BlackFideId "310980"]
[EventDate "2022.12.17"]

1. Nf3 d5 2. g3 g6 3. Bg2 Bg7 4. d4 c6 5. O-O Nd7 6. Nbd2 Ngf6 7. Re1 O-O 8. e4
dxe4 9. Nxe4 Nxe4 10. Rxe4 Nf6 11. Re1 Bf5 12. c3 Re8 13. Qb3 Qb6 14. Ne5 Be6
15. Qc2 Bd5 16. Bh3 Rad8 17. Bf4 Nh5 18. Be3 Nf6 19. Bf4 Nh5 20. Nd7 Nxf4 21.
gxf4 Qc7 22. Ne5 c5 23. Rad1 e6 24. Qe2 cxd4 25. Rxd4 Bxa2 26. Ra4 Bb3 27. Rxa7
Bxe5 28. Qxe5 Qb6 29. Qe3 Qb5 30. Bf1 Qf5 31. c4 Rd1 32. Rxd1 Qg4+ 33. Qg3 Qxd1
34. Kg2 Rc8 35. f5 exf5 36. Rxb7 Bc2 37. f3 Qd2+ 38. Qf2 Qg5+ 39. Qg3 Qd2+ 40.
Qf2 Qg5+ 41. Kh1 Qc1 42. Re7 Bd3 43. Qe1 Qxc4 44. Re8+ Rxe8 45. Qxe8+ Kg7 46.
Qe5+ f6 47. Qe7+ Kh6 48. Qe3+ 1-0

[Event "European Rapid 2022"]
[Site "Katowice POL"]
[Date "2022.12.18"]
[Round "7.16"]
[White "Tregubov, Pavel V."]
[Black "Peyrer, Konstantin"]
[Result "1-0"]
[WhiteTitle "GM"]
[BlackTitle "FM"]
[WhiteElo "2553"]
[BlackElo "2380"]
[WhiteFideId "4115341"]
[BlackFideId "1640879"]
[EventDate "2022.12.17"]

1. e4 c6 2. Nf3 d5 3. Nc3 dxe4 4. Nxe4 Nf6 5. Qe2 Nxe4 6. Qxe4 Nd7 7. d4 Nf6 8.
Qf4 e6 9. Bd3 Bd6 10. Ne5 O-O 11. O-O Nd5 12. Qe4 f5 13. Qe2 Qc7 14. c4 Nb4 15.
Bf4 Nxd3 16. Qxd3 b6 17. Rfe1 Bb7 18. c5 bxc5 19. dxc5 Bxc5 20. Qc4 Qe7 21. Nd3
Bb6 22. Rxe6 Ba6 23. Qb3 Qd7 24. Bd6 Kh8 25. Ne5 Qb7 26. Re7 Qc8 27. Qg3 Rg8 28.
Nf7# 1-0

[Event "European Rapid 2022"]
[Site "Katowice POL"]
[Date "2022.12.18"]
[Round "7.17"]
[White "Fus, Jakub"]
[Black "Oleksiyenko, Mykhaylo"]
[Result "1-0"]
[WhiteTitle "FM"]
[BlackTitle "GM"]
[WhiteElo "2405"]
[BlackElo "2594"]
[WhiteFideId "1193023"]
[BlackFideId "4152417"]
[EventDate "2022.12.17"]

1. d4 d5 2. c4 e6 3. Nf3 Nf6 4. g3 Be7 5. Bg2 O-O 6. O-O c6 7. Nc3 b6 8. Ne5 Bb7
9. e4 dxc4 10. Nxc4 Ba6 11. b3 b5 12. Ne3 b4 13. Ne2 Bxe2 14. Qxe2 Qxd4 15. Bb2
Qb6 16. Nc4 Qb5 17. e5 Nd5 18. f4 Bc5+ 19. Kh1 Ne3 20. Be4 Nxf1 21. Rxf1 g6 22.
g4 Nd7 23. Qf3 Rac8 24. f5 Nb6 25. Nd6 Bxd6 26. exd6 Nd5 27. d7 Rcd8 28. fxe6
fxe6 29. Qxf8+ Rxf8 30. Rxf8+ Kxf8 31. d8=Q+ Kf7 32. Qd7+ Kf8 33. Qg7+ Ke8 34.
Qg8+ Ke7 35. Qg7+ Ke8 36. Bd4 Qe2 37. Qg8+ Ke7 38. Qg7+ Ke8 39. Qe5 Qd1+ 40. Bg1
Qxg4 41. Qh8+ Kf7 42. Qxh7+ Kf6 43. Qh8+ Kf7 44. Qe5 a5 45. Bg2 Qd1 46. Qd4 Qc2
47. Qa7+ Kf6 48. Qxa5 g5 49. Qd8+ Kf5 50. Qf8+ Ke5 51. Qg7+ Kd6 52. Qxg5 Qxa2
53. Qg3+ Kd7 54. h4 Qd2 55. Qg7+ Kd6 56. Bh2+ Kc5 57. Qa7+ Kb5 58. Bf1+ Qd3 59.
Bxd3# 1-0

[Event "European Rapid 2022"]
[Site "Katowice POL"]
[Date "2022.12.18"]
[Round "7.18"]
[White "Bartel, Mateusz"]
[Black "Mis, Mieszko"]
[Result "1/2-1/2"]
[WhiteTitle "GM"]
[BlackTitle "FM"]
[WhiteElo "2627"]
[BlackElo "2389"]
[WhiteFideId "1112635"]
[BlackFideId "1196448"]
[EventDate "2022.12.17"]

1. e4 d5 2. exd5 Qxd5 3. Nc3 Qa5 4. g3 Nf6 5. Bg2 c6 6. h3 Bf5 7. Nf3 e6 8. O-O
Be7 9. d3 O-O 10. Nh4 Bg6 11. Nxg6 hxg6 12. Bd2 Qc7 13. Qe2 Nbd7 14. h4 Rad8 15.
Rae1 Rfe8 16. Bf3 Bf8 17. Kg2 Nd5 18. Nxd5 cxd5 19. c3 Bd6 20. Rh1 Nf6 21. Bg5
Be7 22. d4 Nh7 23. Qd2 b5 24. Be2 Rb8 25. Bd3 b4 26. Bxe7 Qxe7 27. h5 g5 28. Re5
g4 29. Bxh7+ Kxh7 30. Rg5 f5 31. Re1 bxc3 32. bxc3 Rf8 33. Rg6 Rb6 34. Qd3 Rf6
35. Rxg4 Rb2 36. Rf4 Qf7 37. Re2 Rb6 38. Rh4 Kh8 39. Qf3 Rc6 40. Rh1 Rb6 41.
Rhe1 Kg8 42. Re5 Rh6 43. Rh1 Rc6 44. Re3 Rf6 45. Qf4 Kh7 46. Qg5 f4 47. gxf4
Rxf4 48. Qg3 Ra6 49. Re2 Rc6 50. Rhe1 Rf5 51. Re5 Ra6 52. Qg6+ Qxg6+ 53. hxg6+
Kxg6 54. Rxe6+ Rf6 55. Rxf6+ gxf6 56. Re2 Ra3 57. Rc2 Kf5 58. Kf3 Ra6 59. Ke3
Kg4 60. c4 Ra3+ 61. Ke2 dxc4 62. Rxc4 Rxa2+ 63. Ke3 Kf5 64. Rc5+ Ke6 65. f3 a5
66. Ke4 Re2+ 67. Kd3 Ra2 68. Rc6+ Kd5 69. Rc5+ Ke6 70. Kc4 Ra4+ 71. Kd3 1/2-1/2

[Event "European Rapid 2022"]
[Site "Katowice POL"]
[Date "2022.12.18"]
[Round "7.19"]
[White "Charkhalashvili, Inga"]
[Black "Sahidi, Samir"]
[Result "0-1"]
[WhiteTitle "WGM"]
[BlackTitle "IM"]
[WhiteElo "2273"]
[BlackElo "2494"]
[WhiteFideId "13601431"]
[BlackFideId "14936372"]
[EventDate "2022.12.17"]

1. d4 d5 2. c4 dxc4 3. Nc3 c6 4. a4 e5 5. dxe5 Qxd1+ 6. Kxd1 Be6 7. e4 Na6 8.
Be3 O-O-O+ 9. Ke2 Bc5 10. Nf3 h6 11. Nd2 Ne7 12. f4 Rd3 13. Bxc5 Nxc5 14. f5
Rxd2+ 15. Kxd2 Nb3+ 16. Ke3 Nxa1 17. fxe6 fxe6 18. Bxc4 Nc2+ 19. Kd2 Nd4 20. Rf1
Ng6 21. Ne2 Nxe2 22. Bxe6+ Kd8 23. Kxe2 Ke7 24. Bb3 Nxe5 25. Rf5 Kd6 26. h3 Re8
27. Ke3 b6 28. Ba2 Kc5 29. Kf4 Kd4 30. Bb1 Re7 31. Bc2 Nc4 32. Rf8 Nxb2 33. Rd8+
Kc3 34. Bb1 Nxa4 35. e5 Nc5 36. Rd6 Ne6+ 37. Ke4 c5 38. Ba2 c4 39. Kd5 Nf4+ 40.
Ke4 Nd3 41. e6 Nc5+ 42. Kd5 Rxe6 43. Rxe6 Nxe6 44. Kxe6 b5 45. Kd5 Kb2 0-1